[Event "45th Olympiad 2024"]
[Site "Budapest HUN"]
[Date "2024.09.15"]
[Round "5.30"]
[Board "2"]
[White "Ahn, Hongjin"]
[Black "Ynojosa Aponte, Felix Jose"]
[Result "0-1"]
[WhiteTitle "IM"]
[BlackTitle "IM"]
[WhiteElo "2251"]
[BlackElo "2398"]
[WhiteTeam "South Korea"]
[BlackTeam "Venezuela"]
[WhiteFideId "13201492"]
[BlackFideId "3900258"]
[EventDate "2024.09.11"]

1. e4 c5 2. Nf3 a6 3. c3 b5 4. d4 Bb7 5. Bd3 e6 6. a4 c4 7. Bc2 d5 8. e5 b4 9.
Nbd2 Nc6 10. Nf1 b3 11. Bb1 f5 12. g4 g6 13. gxf5 exf5 14. h4 Qd7 15. h5 Bg7 16.
Ng3 Nge7 17. hxg6 hxg6 18. Rxh8+ Bxh8 19. Nh4 Qe6 20. a5 O-O-O 21. Bg5 Rf8 22.
Ng2 Qf7 23. Qe2 Bg7 24. Ra4 Rh8 25. Qe3 Kb8 26. Qf4 Ka8 27. Ne3 Qe8 28. Bxe7
Nxe7 29. Rb4 Qd8 30. Qf3 Qxa5 31. Nxc4 Qxb4 32. cxb4 dxc4 33. Be4 fxe4 34. Qf7
Bh6 35. Qxc4 Rc8 36. Qe6 Rc1+ 37. Ke2 Nd5 38. Qe8+ Rc8 39. Qa4 Nf4+ 40. Ke3 Nd3+
41. Ke2 Rc2+ 42. Kf1 Rxf2+ 43. Kg1 e3 44. d5 e2 45. Nxe2 Rxe2 46. Qxb3 Be3+ 47.
Kh1 Nf4 0-1

[Event "45th Olympiad 2024"]
[Site "Budapest HUN"]
[Date "2024.09.15"]
[Round "5.30"]
[Board "3"]
[White "Escalona Landi, Samid Eduardo"]
[Black "Lee, Kyungseok"]
[Result "1-0"]
[WhiteTitle "FM"]
[WhiteElo "2305"]
[BlackElo "2044"]
[WhiteTeam "Venezuela"]
[BlackTeam "South Korea"]
[WhiteFideId "3937437"]
[BlackFideId "13202154"]
[EventDate "2024.09.11"]

1. Nf3 d5 2. c4 e6 3. g3 Nf6 4. b3 d4 5. Bg2 Be7 6. O-O O-O 7. e3 Nc6 8. Re1 e5
9. Bb2 Bg4 10. h3 Bh5 11. e4 Nd7 12. d3 a5 13. a3 Nc5 14. Qc2 Ra6 15. Nbd2 Rb6
16. Rab1 Qd7 17. Bc1 Bg6 18. g4 h5 19. Nh2 Bg5 20. Bf3 h4 21. Bg2 Qe7 22. Nhf3
Bf4 23. Kh1 Bh7 24. Ng1 g5 25. Ne2 Bxd2 26. Bxd2 f6 27. b4 axb4 28. axb4 Nxb4
29. Rxb4 Nxd3 30. Qxd3 Rxb4 31. Qa3 c5 32. Bxb4 cxb4 33. Qb3 Qc5 34. Nc1 Rc8 35.
Nd3 Qxc4 36. Qxc4+ Rxc4 37. Rb1 Bg6 38. Nxb4 d3 39. Nxd3 Rxe4 40. Rxb7 Re2 41.
Nc5 Rxf2 42. Kg1 Rc2 43. Bd5+ Kf8 44. Ne4 Bxe4 45. Bxe4 Rc3 46. Kg2 Rg3+ 47. Kh2
Re3 48. Bg6 Rf3 49. Rf7+ Kg8 50. Kg2 Rf4 51. Rc7 Kf8 52. Bh5 Kg8 53. Bg6 Kf8 54.
Rd7 Kg8 55. Rf7 e4 56. Re7 Rf3 57. Bxe4 Rg3+ 58. Kh2 Kf8 59. Ra7 Re3 60. Bg6
Re2+ 61. Kg1 Re3 62. Kg2 Rg3+ 63. Kf2 Rxh3 64. Rf7+ Kg8 65. Rxf6 Kg7 66. Rc6 Ra3
67. Bf5 Ra2+ 68. Ke3 Ra8 69. Rg6+ Kf7 70. Rxg5 Rh8 71. Be4 h3 72. Rf5+ Ke6 73.
Bd5+ Kd6 74. Kf2 Rh4 75. Kg3 Rh8 76. Bh1 Ke7 77. Rf2 Ke6 78. Be4 Ke5 79. Bg6 Ke6
80. Bh5 1-0

[Event "45th Olympiad 2024"]
[Site "Budapest HUN"]
[Date "2024.09.15"]
[Round "5.30"]
[Board "4"]
[White "Huh, Isaak"]
[Black "Castro Torres, Jose Luis"]
[Result "1/2-1/2"]
[BlackTitle "FM"]
[WhiteElo "2114"]
[BlackElo "2299"]
[WhiteTeam "South Korea"]
[BlackTeam "Venezuela"]
[WhiteFideId "13209590"]
[BlackFideId "3901831"]
[EventDate "2024.09.11"]

1. e4 c5 2. Nf3 Nc6 3. d4 cxd4 4. Nxd4 g6 5. Nc3 Bg7 6. Be3 d6 7. Bc4 Nf6 8. f3
Bd7 9. Qd2 O-O 10. O-O-O Ne5 11. Bb3 a5 12. a4 Rc8 13. Qe2 Rxc3 14. bxc3 Qc7 15.
Nb5 Bxb5 16. Qxb5 Rc8 17. Kd2 Ned7 18. Ke2 b6 19. Bd4 Nc5 20. Rb1 Nfd7 21. Rhd1
Bf8 22. Kf2 d5 23. exd5 Qxh2 24. Rh1 Qf4 25. Rbe1 Nf6 26. Kg1 Qg3 27. Bf2 Qd6
28. c4 h5 29. Rh4 Bh6 30. Rd4 Ne8 31. Rdd1 Kf8 32. Ba2 Bf4 33. Rb1 Bh2+ 34. Kf1
Qf4 35. Qxb6 Nxa4 36. Qxa5 Rxc4 37. Qd8 Rxc2 38. Qxe7+ Kg7 39. Re2 Rxe2 40. Qxe2
Nc3 41. Qb2 Qf6 42. Bc4 Nxb1 43. Bd4 Nd2+ 44. Ke2 Nxc4 45. Bxf6+ Nxf6 46. Qd4
Ne5 47. f4 Ned7 48. Kf3 h4 49. d6 Bg3 50. Qc3 Nf8 51. Qa1 Nd7 52. Qc3 Kh7 53.
Qc4 Kg8 54. Qc8+ Nf8 55. Qa6 N6d7 56. Qa5 Ne6 57. Qa8+ Kg7 58. Qa1+ Kh7 59. Qa7
Nec5 60. Qa2 Kg8 61. Qa8+ Nf8 62. Qd5 Ncd7 63. Qa5 Bh2 64. Qa7 g5 65. fxg5 Bxd6
66. Qd4 Bg3 67. Ke2 Ne5 68. Qd8 Ng6 69. Qc8 Kg7 70. Qc3+ Be5 71. Qd2 Ne6 72. Kf1
Bf4 73. Qc3+ Kh7 74. Qf6 Kg8 75. Qb2 Nxg5 76. Qb7 Kg7 77. Qb2+ Be5 78. Qb5 Ne4
79. Qd5 Ng3+ 80. Ke1 Kf6 81. Qf3+ Bf4 82. Qg4 Nf5 83. Qf3 Ne5 84. Qa8 Kg5 85.
Qg8+ Kh5 86. Kf2 Nh6 87. Qc8 Neg4+ 88. Ke2 Be5 89. Qd7 Kg6 90. Qd8 Nf5 91. Qg8+
Bg7 92. Qd8 Nf6 93. Qc8 Nd4+ 94. Ke3 Ne6 95. Qc2+ Kg5 96. Qc8 Ng4+ 97. Ke2 Kf4
98. Qb8+ Be5 99. Qb7 Nd4+ 100. Kf1 f5 101. Qa8 Ne3+ 102. Kg1 Kg3 103. Qg8+ Ng4
104. Qc4 f4 105. Qd3+ f3 106. gxf3 Nxf3+ 107. Kf1 h3 108. Ke2 Nh2 109. Qg6+ Kf4
110. Qf7+ Kg5 111. Qg8+ Kh6 112. Qe6+ Kg7 113. Qe7+ Kg6 114. Qe8+ Kf6 115. Qf8+
Kg6 116. Qe8+ Kf5 117. Qc8+ Kf4 118. Qf8+ Ke4 119. Qa8+ Kf4 120. Qf8+ Kg4 121.
Qc8+ Kg3 122. Qg8+ Kh4 123. Qh7+ Kg4 124. Qd7+ Kg3 125. Qd3 Bf4 126. Qc3 Be5
127. Qb3 Kh4 128. Qb4+ Nd4+ 129. Ke1 Ng4 130. Kf1 Kg3 131. Qe1+ Kf4 132. Qh4 h2
133. Kg2 Nf5 134. Qe1 Nfe3+ 135. Kh1 Nd1 136. Qd2+ Nde3 137. Qd4+ Kf3 138. Qf4+
Ke2 139. Qf3+ Kd2 140. Qe2+ Kxe2 1/2-1/2

[Event "45th Olympiad 2024"]
[Site "Budapest HUN"]
[Date "2024.09.15"]
[Round "5.31"]
[Board "1"]
[White "Dardha, Daniel"]
[Black "Tan, Jun Ying"]
[Result "1-0"]
[WhiteTitle "GM"]
[BlackTitle "CM"]
[WhiteElo "2603"]
[BlackElo "2322"]
[WhiteTeam "Belgium"]
[BlackTeam "Malaysia"]
[WhiteFideId "240990"]
[BlackFideId "5710413"]
[EventDate "2024.09.11"]

1. Nf3 d5 2. e3 Nf6 3. c4 c6 4. d4 Bf5 5. Nc3 a6 6. c5 h6 7. Bd3 Bxd3 8. Qxd3
Nbd7 9. b4 a5 10. b5 e5 11. bxc6 bxc6 12. dxe5 Nxc5 13. Qc2 Nfd7 14. O-O Be7 15.
e4 dxe4 16. Nxe4 O-O 17. Ng3 Re8 18. Bb2 Bf8 19. Rad1 Qc8 20. Nf5 Qa6 21. Rd4
Re6 22. Rfd1 Nxe5 23. Nxe5 Rxe5 24. Nxh6+ gxh6 25. Rg4+ Rg5 26. Rxg5+ hxg5 27.
Qc3 f6 28. Qxf6 Qb7 29. Qh8+ Kf7 30. Qh7+ Ke8 31. Qg6+ Qf7 32. Qxc6+ Nd7 33.
Qxa8+ Ke7 34. Ba3+ Kf6 35. Qf3+ Kg6 36. Qxf7+ Kxf7 37. Rxd7+ Ke6 38. Rd3 Bg7 39.
g4 Ba1 40. Rb3 Bd4 41. Rb5 Bc3 42. Bb2 Bb4 43. Rxb4 axb4 44. Bc1 1-0

[Event "45th Olympiad 2024"]
[Site "Budapest HUN"]
[Date "2024.09.15"]
[Round "5.31"]
[Board "2"]
[White "Wong, Jianwen"]
[Black "Maerevoet, Sim"]
[Result "1/2-1/2"]
[WhiteTitle "FM"]
[BlackTitle "IM"]
[WhiteElo "2231"]
[BlackElo "2432"]
[WhiteTeam "Malaysia"]
[BlackTeam "Belgium"]
[WhiteFideId "5704715"]
[BlackFideId "241725"]
[EventDate "2024.09.11"]

1. Nf3 d5 2. c4 d4 3. g3 Nc6 4. Bg2 e5 5. d3 Nf6 6. O-O Bc5 7. b4 Nxb4 8. Nxe5
O-O 9. a3 Nc6 10. Nxc6 bxc6 11. Nd2 Qe7 12. Nb3 Bg4 13. Ra2 Rab8 14. Na5 Rb6 15.
h3 Bh5 16. Bf4 Ra6 17. Qd2 Qxe2 18. Nb3 Rxa3 19. Rxa3 Bxa3 20. Ra1 Qxd2 21. Bxd2
Bb2 22. Rxa7 Bg6 23. Bf1 h6 24. Rxc7 Bc3 25. Bf4 Rb8 26. Nc5 Rb2 27. g4 Be1 28.
Bg3 Rb6 29. h4 Bb4 30. Nd7 Nxd7 31. Rxd7 h5 32. gxh5 Bxh5 33. Rxd4 Kh7 34. Rd8
Be7 35. Rd7 Bf6 36. Bg2 Bg6 37. Be4 c5 38. Rxf7 Bd4 39. Bxg6+ Kxg6 40. Rf3 Rb1+
41. Kg2 Rd1 42. Bf4 Kh5 43. Bg5 Kg4 44. Be3 Rxd3 45. Rf4+ Kh5 46. Bxd4 cxd4 47.
Kf1 Rd2 48. Ke1 Rc2 49. Rxd4 g5 50. hxg5 Kxg5 51. Kf1 Kf5 52. Kg2 Rc3 53. f3 Rc1
54. Re4 Ra1 55. Kf2 Ra3 56. Re3 Ra2+ 57. Kg3 Rc2 58. Re4 Rc1 59. Kf2 Rc3 60. Ke2
Ra3 61. Rd4 Ke5 62. Rd3 Ra4 63. Rc3 Kd4 64. Rc2 Ra6 65. c5 Re6+ 66. Kd2 Rc6 67.
Rc1 Rh6 68. Re1 Kxc5 69. Re4 Rh8 70. Ke3 Kd5 71. Kf2 Rf8 72. Kg3 Rg8+ 73. Kh3
Rf8 74. Kg4 Rg8+ 75. Kf4 Rf8+ 76. Ke3 Rh8 77. Kf2 Rf8 78. Re2 Kd6 79. Re1 Kd5
80. Re3 Kd6 81. Kg3 Rg8+ 82. Kh4 Rf8 83. Kg5 Rg8+ 84. Kf6 Rf8+ 85. Kg7 Rf4 86.
Kh6 Rf8 87. Kg6 Kd5 88. Kg5 Rg8+ 89. Kf6 Rf8+ 90. Kg5 Rg8+ 91. Kf5 Rf8+ 92. Kg4
Rg8+ 93. Kf4 Rf8+ 94. Kg3 Rg8+ 95. Kf2 Rf8 96. Re4 Rg8 97. Ke3 Rh8 98. Kd2 Kc5
99. Ke3 1/2-1/2

[Event "45th Olympiad 2024"]
[Site "Budapest HUN"]
[Date "2024.09.15"]
[Round "5.31"]
[Board "4"]
[White "Azhar, Muhd Syakir Shazmeer"]
[Black "Lenaerts, Lennert"]
[Result "1/2-1/2"]
[BlackTitle "FM"]
[WhiteElo "2086"]
[BlackElo "2300"]
[WhiteTeam "Malaysia"]
[BlackTeam "Belgium"]
[WhiteFideId "5702577"]
[BlackFideId "211435"]
[EventDate "2024.09.11"]

1. e4 c5 2. Nf3 e6 3. d4 cxd4 4. Nxd4 Nc6 5. Nc3 Qc7 6. Be3 a6 7. a3 b5 8. Nxc6
Qxc6 9. Be2 Bc5 10. Qd3 Bxe3 11. Qxe3 Ne7 12. Rd1 O-O 13. O-O Bb7 14. Bf3 Qc7
15. Rfe1 Rad8 16. e5 Bxf3 17. Qxf3 d6 18. exd6 Rxd6 19. Rxd6 Qxd6 20. Rd1 Qc7
21. Qd3 Rc8 22. Qd7 Qxd7 23. Rxd7 Nc6 24. g3 Kf8 25. Rb7 Nd4 26. Ne4 f5 27. Nd6
Rxc2 28. Rf7+ Kg8 29. Ra7 h6 30. Rxa6 Rxb2 31. h4 f4 32. gxf4 Ne2+ 33. Kh2 Nxf4
34. Rb6 Rxf2+ 35. Kg3 Nd3 36. Nxb5 Rb2 37. a4 Ra2 38. Rxe6 Rxa4 39. Re3 Nf4 40.
Nd6 Nh5+ 41. Kh3 Ra1 42. Nf5 Kh7 43. Ng3 Nf4+ 44. Kg4 Nd5 45. Re5 Ra4+ 46. Kf3
Ra3+ 47. Kf2 Nf6 48. Rb5 Ra4 49. h5 Ra7 50. Kf3 Kg8 51. Ne2 Ra3+ 52. Kg2 Ng4 53.
Nf4 Kf7 54. Rb7+ Kf6 55. Nd5+ Ke5 56. Rxg7 Ra2+ 57. Kg3 Nf2 58. Nc3 Rc2 59. Re7+
Kd6 60. Re2 Rxc3+ 1/2-1/2

[Event "45th Olympiad 2024"]
[Site "Budapest HUN"]
[Date "2024.09.15"]
[Round "5.32"]
[Board "1"]
[White "Galaviz Medina, Sion Radamantys"]
[Black "Araujo Sanchez, Josue"]
[Result "1-0"]
[WhiteTitle "IM"]
[BlackTitle "IM"]
[WhiteElo "2488"]
[BlackElo "2296"]
[WhiteTeam "Mexico"]
[BlackTeam "Dominican Republic"]
[WhiteFideId "5123119"]
[BlackFideId "6416896"]
[EventDate "2024.09.11"]

1. d4 Nf6 2. c4 e6 3. Nc3 Bb4 4. e3 O-O 5. Bd3 c5 6. Ne2 d5 7. a3 Bxc3+ 8. bxc3
dxc4 9. Bxc4 Nc6 10. O-O e5 11. Qc2 Na5 12. Ba2 Qc7 13. c4 cxd4 14. exd4 exd4
15. Nxd4 Ng4 16. Nf3 Nc6 17. Bb2 Qf4 18. Bb1 Qh6 19. h3 Nf6 20. a4 Be6 21. Ra3
Rac8 22. Bxf6 gxf6 23. Re1 Rfd8 24. Qb2 Na5 25. Nd4 Nxc4 26. Rg3+ Kh8 27. Qxb7
Rxd4 28. Qxc8+ 1-0

[Event "45th Olympiad 2024"]
[Site "Budapest HUN"]
[Date "2024.09.15"]
[Round "5.32"]
[Board "2"]
[White "Camacho Campusano, David Daniel"]
[Black "Cori Quispe, Kevin Joel"]
[Result "0-1"]
[WhiteTitle "FM"]
[BlackTitle "GM"]
[WhiteElo "2219"]
[BlackElo "2461"]
[WhiteTeam "Dominican Republic"]
[BlackTeam "Mexico"]
[WhiteFideId "6408885"]
[BlackFideId "3814017"]
[EventDate "2024.09.11"]

1. e4 c5 2. Nf3 Nc6 3. d4 cxd4 4. Nxd4 Nf6 5. Nc3 d6 6. Bg5 e6 7. Qd2 a6 8. Nxc6
bxc6 9. O-O-O Be7 10. Bxf6 gxf6 11. Bc4 Bb7 12. Rhe1 Qa5 13. Kb1 h5 14. f4 O-O-O
15. Nd5 Qxd2 16. Nxe7+ Kd7 17. Rxd2 Kxe7 18. Be2 e5 19. fxe5 fxe5 20. h4 d5 21.
Bf3 d4 22. Rd3 c5 23. Rb3 Ba8 24. Kc1 Rd6 25. Kd2 Rf6 26. c3 Rc6 27. Rc1 Kd6 28.
Rf1 Ke7 29. Rc1 Kd7 30. Rf1 Rg6 31. Ra3 Rb8 32. Kc1 Rgb6 33. Rf2 f5 34. Re2 fxe4
35. Bxe4 Bxe4 36. Rxe4 Kd6 37. cxd4 cxd4 38. Ra5 Rb5 39. Rxa6+ Kd5 40. Re2 e4
41. b3 e3 42. Rc2 Rf8 43. Rg6 Ke4 44. Re6+ Re5 45. Rxe5+ Kxe5 46. Rc7 Ke4 47. b4
Rf1+ 48. Kb2 e2 49. Re7+ Kd3 0-1

[Event "45th Olympiad 2024"]
[Site "Budapest HUN"]
[Date "2024.09.15"]
[Round "5.32"]
[Board "3"]
[White "Ibarra Chami, Luis Fernando"]
[Black "Jimenez Jimenez, Leandro"]
[Result "1-0"]
[WhiteTitle "GM"]
[BlackTitle "FM"]
[WhiteElo "2427"]
[BlackElo "2188"]
[WhiteTeam "Mexico"]
[BlackTeam "Dominican Republic"]
[WhiteFideId "5105048"]
[BlackFideId "6415253"]
[EventDate "2024.09.11"]

1. e4 e5 2. Nf3 Nf6 3. Nxe5 Nxe4 4. Qe2 Qe7 5. Qxe4 d6 6. d4 dxe5 7. dxe5 Nc6 8.
Nc3 Qxe5 9. Qxe5+ Nxe5 10. Nb5 Bb4+ 11. Bd2 Bxd2+ 12. Kxd2 Kd7 13. Re1 Ng4 14.
f3 Nh6 15. Bd3 c6 16. Nc3 Kd8 17. g4 f5 18. gxf5 Bxf5 19. Ne4 Kc7 20. Rhg1 g6
21. Kc3 Bxe4 22. Rxe4 Rae8 23. Rh4 Nf7 24. f4 Nd6 25. Kd4 Rd8 26. Ke3 Rhe8+ 27.
Kf3 Re7 28. Rg5 Rf8 29. Kg2 b6 30. Re5 Rfe8 31. Kf3 Kd7 32. b3 Rf7 33. Rxe8 Kxe8
34. Rg4 Ke7 35. h4 Kf6 36. h5 Nf5 37. Rg1 Re7 38. Rh1 Re3+ 39. Kf2 Re7 40. a4 c5
41. a5 Nd6 42. Kf3 Nf5 43. hxg6 hxg6 44. Rh8 Re3+ 45. Kf2 Re7 46. Rb8 Re6 47.
Rf8+ Kg7 48. Ra8 Re7 49. Rb8 bxa5 50. Rc8 a4 51. bxa4 Nd6 52. Rc6 Ne4+ 53. Kf3
Nd2+ 54. Kg2 Ne4 55. a5 Kf7 56. a6 g5 57. f5 g4 58. Rg6 Re5 59. Re6 Rxe6 60.
fxe6+ Kxe6 61. Bxe4 Ke5 62. Bc6 1-0

[Event "45th Olympiad 2024"]
[Site "Budapest HUN"]
[Date "2024.09.15"]
[Round "5.32"]
[Board "4"]
[White "Mendez Ramirez, Victor"]
[Black "Palma Villanueva, Miguel Tadeo"]
[Result "1/2-1/2"]
[WhiteTitle "FM"]
[BlackTitle "FM"]
[WhiteElo "2191"]
[BlackElo "2266"]
[WhiteTeam "Dominican Republic"]
[BlackTeam "Mexico"]
[WhiteFideId "6419690"]
[BlackFideId "5133483"]
[EventDate "2024.09.11"]

1. c4 g6 2. Nc3 Bg7 3. d4 c5 4. e3 Nf6 5. d5 d6 6. Nf3 O-O 7. Be2 e6 8. O-O exd5
9. cxd5 Re8 10. Nd2 Na6 11. Bc4 Nc7 12. a4 Bf5 13. Re1 Ng4 14. Nf3 Ne5 15. Nxe5
Bxe5 16. Bf1 Na6 17. e4 Bxc3 18. bxc3 Rxe4 19. Rxe4 Bxe4 20. f3 Bf5 21. Bf4 g5
22. Be3 Qe7 23. Qd2 f6 24. Re1 Re8 25. h4 h6 26. g4 Bc8 27. hxg5 hxg5 28. Bd3
Qf7 29. Kf2 c4 30. Bxc4 Qh7 31. Kg2 Bxg4 32. fxg4 Qe4+ 33. Kf2 Qxc4 34. Qd4 Qc7
35. Qd3 Qh7 36. Qxh7+ Kxh7 37. Bxa7 Rxe1 38. Kxe1 Kg6 39. Bf2 f5 40. gxf5+ Kxf5
41. Bg3 Ke4 42. Bxd6 Kxd5 43. Be7 g4 44. Kf2 Nc5 45. Kg3 Nxa4 46. Kxg4 Nxc3 47.
Kf3 Kd4 48. Kf2 b5 49. Ke1 Kd3 50. Bf8 Kc2 51. Bc5 Kb3 52. Bf8 Ne4 53. Kd1 Kc4
54. Kc2 Nc5 55. Bxc5 1/2-1/2

[Event "45th Olympiad 2024"]
[Site "Budapest HUN"]
[Date "2024.09.15"]
[Round "5.33"]
[Board "1"]
[White "Johnson, Joshua"]
[Black "Ferreira, Jorge Viterbo"]
[Result "0-1"]
[WhiteTitle "FM"]
[BlackTitle "GM"]
[WhiteElo "2267"]
[BlackElo "2535"]
[WhiteTeam "Trinidad & Tobago"]
[BlackTeam "Portugal"]
[WhiteFideId "7700768"]
[BlackFideId "1910850"]
[EventDate "2024.09.11"]

1. e4 c5 2. Nf3 d6 3. d4 cxd4 4. Nxd4 Nf6 5. Nc3 a6 6. Be2 e5 7. Nb3 Be7 8. O-O
O-O 9. Qd3 Be6 10. Bd2 Nbd7 11. Nd5 Bxd5 12. exd5 Ne8 13. Na5 Rb8 14. b4 Bg5 15.
Be1 f5 16. f3 f4 17. c4 Bh4 18. g3 Qg5 19. Kg2 Nef6 20. Qd2 Qg6 21. Bd3 e4 22.
Bxe4 Nxe4 23. fxe4 Qxe4+ 24. Kh3 f3 25. Rd1 Bd8 26. Qd3 Qe8 27. Rxf3 Qh5+ 28.
Kg2 Bxa5 29. g4 Qxg4+ 30. Rg3 Qf4 31. Bc3 Ne5 32. Bxe5 Qxe5 33. bxa5 Rbe8 34.
Rd2 Rf4 35. Kh1 Re7 36. Rdg2 Rd4 37. Qf1 Rf7 38. Qe2 Re4 39. Qd3 Rd4 40. Qe2 Re4
41. Qd3 g6 42. Rc2 Rff4 43. Rf3 Re1+ 44. Kg2 Rg4+ 45. Rg3 Rxg3+ 46. Qxg3 Qe4+
47. Kf2 Rd1 48. Re2 Qf5+ 0-1

[Event "45th Olympiad 2024"]
[Site "Budapest HUN"]
[Date "2024.09.15"]
[Round "5.33"]
[Board "2"]
[White "Pereira, Ruben"]
[Black "Cupid, Kevin"]
[Result "1-0"]
[WhiteTitle "IM"]
[BlackTitle "FM"]
[WhiteElo "2457"]
[BlackElo "2201"]
[WhiteTeam "Portugal"]
[BlackTeam "Trinidad & Tobago"]
[WhiteFideId "1903063"]
[BlackFideId "7700512"]
[EventDate "2024.09.11"]

1. e4 c6 2. Nc3 d5 3. Nf3 a6 4. h3 g6 5. d4 Bg7 6. Be3 Qb6 7. a3 dxe4 8. Nd2 Bh6
9. Nc4 Qd8 10. Qd2 Bxe3 11. Qxe3 b5 12. Ne5 f6 13. Ng4 h5 14. Nh2 Nh6 15. O-O-O
Kf7 16. Qxe4 Ra7 17. g4 f5 18. Qf3 Rd7 19. gxh5 Rxd4 20. Be2 e5 21. Qe3 Qf6 22.
Nf3 Rxd1+ 23. Rxd1 Nd7 24. Rxd7+ Bxd7 25. Nxe5+ Kg7 26. Nxd7 Qd6 27. Ne5 Re8 28.
Qxh6+ Kxh6 29. Nf7+ Kg7 30. Nxd6 Re6 31. Nb7 gxh5 32. Bxh5 Rh6 33. Bf3 Kf7 34.
Bxc6 Rxh3 35. Nc5 Rh6 36. Bb7 Rb6 37. b4 1-0

[Event "45th Olympiad 2024"]
[Site "Budapest HUN"]
[Date "2024.09.15"]
[Round "5.33"]
[Board "3"]
[White "Harper, Ryan"]
[Black "Sousa, Andre Ventura"]
[Result "0-1"]
[WhiteTitle "FM"]
[BlackTitle "IM"]
[WhiteElo "2124"]
[BlackElo "2403"]
[WhiteTeam "Trinidad & Tobago"]
[BlackTeam "Portugal"]
[WhiteFideId "7700156"]
[BlackFideId "1917617"]
[EventDate "2024.09.11"]

1. e4 c5 2. Nf3 d6 3. d4 cxd4 4. Nxd4 Nf6 5. Nc3 a6 6. f3 e5 7. Nb3 Be6 8. Nd5
Bxd5 9. exd5 Nbd7 10. Be3 Be7 11. Qd2 O-O 12. Na5 Qc7 13. Be2 Rfc8 14. c4 Bd8
15. b4 Qb8 16. O-O Bxa5 17. bxa5 Qc7 18. Rab1 Nc5 19. Kh1 Qe7 20. f4 Nfe4 21.
Qe1 exf4 22. Bxf4 Rc7 23. Rf3 Re8 24. Qf1 f5 25. Rd1 Qd8 26. Rh3 Rce7 27. Bf3
Qxa5 28. Bxe4 Nxe4 29. Rf3 Nf2+ 30. Rxf2 Re1 31. Rxe1 Rxe1 32. Bxd6 Rxf1+ 33.
Rxf1 Qxa2 34. h3 Qxc4 35. Rxf5 Qc1+ 36. Kh2 Qc8 37. Rf3 Qd8 38. Ba3 a5 39. d6 b5
40. Bc5 g6 41. Re3 Qc8 42. Bb6 Qc6 43. Bc7 a4 44. Re7 a3 45. Bb8 Qc8 46. Ba7 a2
47. Bd4 Qc6 48. Be5 a1=Q 49. Bxa1 Qxd6+ 50. Re5 Kf7 51. g4 Qd1 52. Kg3 Qxa1 53.
Rxb5 Qe1+ 54. Kf4 Qf1+ 0-1

[Event "45th Olympiad 2024"]
[Site "Budapest HUN"]
[Date "2024.09.15"]
[Round "5.33"]
[Board "4"]
[White "Barria Santos, Jose Guilherme"]
[Black "Mc Intosh, Isaiah"]
[Result "0-1"]
[WhiteTitle "FM"]
[BlackTitle "FM"]
[WhiteElo "2411"]
[BlackElo "2249"]
[WhiteTeam "Portugal"]
[BlackTeam "Trinidad & Tobago"]
[WhiteFideId "1939300"]
[BlackFideId "7703791"]
[EventDate "2024.09.11"]

1. e4 e5 2. Nf3 Nc6 3. Bb5 Nf6 4. d3 Bc5 5. c3 d5 6. exd5 Qxd5 7. O-O Qd8 8. Bc4
O-O 9. Nbd2 Bf5 10. Qe2 Re8 11. Nb3 Be7 0-1

[Event "45th Olympiad 2024"]
[Site "Budapest HUN"]
[Date "2024.09.15"]
[Round "5.34"]
[Board "1"]
[White "El Jawich, Amro"]
[Black "Kantor, Gergely"]
[Result "0-1"]
[WhiteTitle "FM"]
[BlackTitle "GM"]
[WhiteElo "2296"]
[BlackElo "2537"]
[WhiteTeam "Lebanon"]
[BlackTeam "Hungary C"]
[WhiteFideId "5300380"]
[BlackFideId "751499"]
[EventDate "2024.09.11"]

1. e4 e5 2. Nf3 Nc6 3. d4 exd4 4. Bc4 Bb4+ 5. c3 dxc3 6. bxc3 Ba5 7. O-O Bb6 8.
Re1 Nge7 9. Ba3 d6 10. e5 O-O 11. exd6 cxd6 12. Qxd6 Ng6 13. Nbd2 Bf5 14. Qg3
Re8 15. Rxe8+ Qxe8 16. Ng5 Nce5 17. Bb3 Qc6 18. Re1 Re8 19. Nde4 h6 20. Nd6 hxg5
21. Bxf7+ Nxf7 22. Nxe8 Nf4 23. h4 Nd3 24. Qb8 Kh7 25. Nxg7 Nf4 0-1

[Event "45th Olympiad 2024"]
[Site "Budapest HUN"]
[Date "2024.09.15"]
[Round "5.34"]
[Board "2"]
[White "Krstulovic, Alex"]
[Black "Arkadan, Adib"]
[Result "1-0"]
[WhiteTitle "IM"]
[WhiteElo "2452"]
[BlackElo "2181"]
[WhiteTeam "Hungary C"]
[BlackTeam "Lebanon"]
[WhiteFideId "760056"]
[BlackFideId "5304946"]
[EventDate "2024.09.11"]

1. d4 Nf6 2. c4 e6 3. Nc3 Bb4 4. e3 O-O 5. Bd2 b6 6. Nf3 Bb7 7. Bd3 d5 8. cxd5
exd5 9. Rc1 c6 10. Qc2 Re8 11. a3 Bd6 12. O-O Qe7 13. e4 dxe4 14. Nxe4 Nbd7 15.
Rfe1 Qf8 16. Nxf6+ Nxf6 17. Bg5 h6 18. Bxf6 gxf6 19. Be4 Re6 20. Nh4 Rae8 21.
Qd3 c5 22. d5 Re5 23. f4 Rh5 24. Qf3 Rxh4 25. Qg3+ Qg7 26. Qxh4 Kh8 27. Bf5 Rg8
28. Re2 Bxd5 29. Rc3 Qf8 30. Qxf6+ Rg7 31. Rg3 Kg8 32. Qxh6 1-0

[Event "45th Olympiad 2024"]
[Site "Budapest HUN"]
[Date "2024.09.15"]
[Round "5.34"]
[Board "3"]
[White "Assaad, Joe"]
[Black "Juhasz, Agoston"]
[Result "0-1"]
[BlackTitle "IM"]
[WhiteElo "2150"]
[BlackElo "2427"]
[WhiteTeam "Lebanon"]
[BlackTeam "Hungary C"]
[WhiteFideId "5310504"]
[BlackFideId "778346"]
[EventDate "2024.09.11"]

1. e4 c6 2. d4 d5 3. Nc3 dxe4 4. Nxe4 Nf6 5. Nxf6+ exf6 6. Be3 Na6 7. a3 Nc7 8.
c4 Bd6 9. Bd3 O-O 10. Qc2 h5 11. Ne2 Re8 12. h3 Be6 13. g4 h4 14. g5 fxg5 15.
O-O-O b5 16. c5 Be7 17. f4 Nd5 18. Bd2 b4 19. Rhg1 bxa3 20. bxa3 gxf4 21. Nxf4
Nxf4 22. Bxf4 Bf6 23. Bh7+ Kh8 24. Be4 Bd5 25. Bf5 Qa5 26. Qb2 Be4 27. Bxe4 Rxe4
28. Bg5 Bxd4 29. Qc2 Qxa3+ 30. Kd2 Rae8 0-1

[Event "45th Olympiad 2024"]
[Site "Budapest HUN"]
[Date "2024.09.15"]
[Round "5.34"]
[Board "4"]
[White "Karacsonyi, Gellert"]
[Black "Kassis, Antoine LIB"]
[Result "1-0"]
[WhiteTitle "IM"]
[BlackTitle "FM"]
[WhiteElo "2403"]
[BlackElo "2085"]
[WhiteTeam "Hungary C"]
[BlackTeam "Lebanon"]
[WhiteFideId "764620"]
[BlackFideId "5300150"]
[EventDate "2024.09.11"]

1. e4 c5 2. Nf3 d6 3. Bb5+ Bd7 4. Bxd7+ Qxd7 5. c4 Nf6 6. Nc3 Nc6 7. d4 cxd4 8.
Nxd4 g6 9. f3 Nxd4 10. Qxd4 Bg7 11. Be3 O-O 12. Qd3 Rfc8 13. Rc1 Qd8 14. O-O Nd7
15. b3 Nc5 16. Qe2 e6 17. Rfd1 Qe7 18. Nb5 Rd8 19. b4 Na6 20. a3 b6 21. Qd3 Nc7
22. Nxc7 Qxc7 23. Bf4 Be5 24. Bg5 f6 25. Be3 d5 26. cxd5 Bxh2+ 27. Kf1 Qe5 28.
Bd4 Qg5 29. Qc3 e5 30. Be3 Qh4 31. Qc6 Bg3 32. Ke2 Bf4 33. Qe6+ Kh8 34. Rh1 Qg5
35. Rxh7+ Kxh7 36. Qf7+ 1-0